Geography Quiz

Random Geography or City Quiz

6 to 1 What the 'H' Geography Quiz Stats

 Plays Quiz Updated Oct 14, 2017

Challenge
Share
Tweet
Embed
Score 0/21 Timer 03:00
8 Plays Today
% Correct
Hungary
92%
Haiti
91.2%
Honduras
90.7%
Hawaii
90%
Harrisburg
89.7%
Hartford
89.6%
Havana
89.4%
Helsinki
89.3%
Honolulu
89.1%
Hanoi
87.1%
Helena
85.5%
% Correct
Huron
83.7%
Hispaniola
80.5%
Hokkaido
80.2%
Honshu
79.8%
Harare
71.9%
Himalchuli
67.8%
Hainan
51.6%
Honiara
47.6%
Halmahera
40.5%
Haramosh
40.3%

You're not logged in!

Compare scores with friends on all Sporcle quizzes.
Join for Free
OR
Log In

You Might Also Like...

Show Comments

Extras

Top Quizzes Today


Score Distribution

Your Account Isn't Verified!

In order to create a playlist on Sporcle, you need to verify the email address you used during registration. Go to your Sporcle Settings to finish the process.

Report this User

Report this user for behavior that violates our Community Guidelines.

Details: